কিশোরসমগ্র / (Record no. 878)
[ view plain ]
| 000 -LEADER | |
|---|---|
| fixed length control field | 00669nam a2200229 a 4500 |
| 001 - CONTROL NUMBER | |
| JCCL Control Number | 878 |
| 003 - CONTROL NUMBER IDENTIFIER | |
| JCCL marc code | BD-JhCC |
| 005 - DATE AND TIME OF LATEST TRANSACTION | |
| control field | 20210929134019.0 |
| 008 - FIXED-LENGTH DATA ELEMENTS--GENERAL INFORMATION | |
| fixed length control field | 171010s2009 b ||||| |||| 00| 0 be d |
| 020 ## - INTERNATIONAL STANDARD BOOK NUMBER | |
| International Standard Book Number | 9789844018259 |
| 035 ## - SYSTEM CONTROL NUMBER | |
| system control number | (BD-JhCC)878 |
| 040 ## - CATALOGING SOURCE | |
| Original cataloging agency | BD-JhCC |
| Modifying agency | BD-JhCC |
| 041 ## - LANGUAGE CODE | |
| Language code of Book | ben |
| 082 ## - DEWEY DECIMAL CLASSIFICATION NUMBER | |
| DDC Edition number | 23 |
| Classification number | 891.4435 |
| Author mark and Year | AZA 2009 |
| 100 ## - MAIN ENTRY--PERSONAL NAME | |
| Personal name | আজাদ,হুমায়ুন |
| 245 ## - TITLE STATEMENT | |
| Title | কিশোরসমগ্র / |
| Statement of responsibility, etc | হুমায়ুন আজাদ. |
| 260 ## - PUBLICATION, DISTRIBUTION, ETC. (IMPRINT) | |
| Place of publication, distribution, etc | ঢাকা , |
| Name of publisher, distributor, etc | আগামী প্রকাশনী , |
| Date of publication, distribution, etc | ২০০৯ |
| 300 ## - PHYSICAL DESCRIPTION | |
| Pagination | 534p. ; |
| Dimensions | 22cm. |
| 650 ## - SUBJECT ADDED ENTRY--TOPICAL TERM | |
| Topical term or geographic name as entry element | Stories ,Bangali |
| 942 ## - ADDED ENTRY ELEMENTS (KOHA) | |
| Source of classification or shelving scheme | Dewey Decimal Classification |
| Koha item type | Books |
| Koha issues (borrowed), all copies | 5 |
| Source of classification or shelving scheme | Damaged status | Not for loan | Home library | Current library | Shelving location | Date of accession | Cost, normal purchase price | Total Checkouts | Full call number | Barcode | Date last seen | Date checked out | Copy number | Koha item type |
|---|---|---|---|---|---|---|---|---|---|---|---|---|---|---|
| Dewey Decimal Classification | JCC Rouf Library | JCC Rouf Library | General Stacks | 10/10/2017 | 500.00 | 4 | 891.4435 AZA 2009 | 1626 | 09/18/2024 | 09/09/2024 | C-1 | Books |